• 首页
  • 本馆介绍
  • 公告通知
  • 最新文献
  • 馆藏检索
  • 电子资源
  • 读者导购
  • 参考咨询
  • 我的图书馆
  • 登录
  • 详细信息显示
  • 放入我的书架
  • 预约/预借图书
  • 作者相关作品
  • 分类相关作品
  • 丛书相关作品
  • 出版社相关作品

书目信息

  • 表格格式
  • 工作单格式
  • 卡片格式
题名:
走跑健身法
    
 
作者: 刘文娟 , 崔建强 , 黄秀凤 编著
分册:  
出版信息: 北京   北京体育大学出版社  2004
页数: 190页
开本: 21cm
丛书名:
单 册:
中图分类: R161.1
科图分类:
主题词: 步行--健身运动--基本知识 , 步行 , 跑 , 跑--健身运动--基本知识 , 健身运动
电子资源:
ISBN: 7-81100-225-6
000 00990nam0 2200289 450
001 002801183
005 20061112093829.87
010    @a7-81100-225-6@dCNY13.00
100    @a20050104d2004 em y0chiy0110 ea
101 0  @achi
102    @aCN@b110000
105    @aa z 000yy
200 1  @a走跑健身法@9zou pao jian shen fa@f刘文娟,崔建强,黄秀凤编著
210    @a北京@c北京体育大学出版社@d2004
215    @a190页@c图@d21cm
330    @a本书介绍了走跑健身的方法,内容包括走跑有益健身、走跑之前的准备、走步与健身、慢跑与健身、青少年走跑健身好处多、女子适宜健身跑、中老年健身跑、不同季节健身跑的科学知识、疾病患者的健身走跑等健身知识。
606 0  @a步行@x健身运动@x基本知识
606 0  @a步行
606 0  @a跑
606 0  @a跑@x健身运动@x基本知识
606 0  @a健身运动
690    @aR161.1@v4
701  0 @a刘文娟@9liu wen juan@4编著
701  0 @a崔建强@9cui jian qiang@4编著
701  0 @a黄秀凤@9huang xiu feng@4编著
801  0 @aCN@bNLC@c20061112
905    @a10447@dR161.1@e112
    
    走跑健身法/刘文娟,崔建强,黄秀凤编著.-北京:北京体育大学出版社,2004
    190页:图;21cm
    
    
    ISBN 7-81100-225-6:CNY13.00
    本书介绍了走跑健身的方法,内容包括走跑有益健身、走跑之前的准备、走步与健身、慢跑与健身、青少年走跑健身好处多、女子适宜健身跑、中老年健身跑、不同季节健身跑的科学知识、疾病患者的健身走跑等健身知识。
●
相关链接 在E读中查询图书 在五车中查询图书 在当当中查询图书 在豆瓣中查询图书


正题名:走跑健身法     索取号:R161.1/112         预约/预借

序号 登录号 条形码 馆藏地/架位号 状态 备注
1 0383755   203837553   第二样本阅览室/ [索取号:R161.1/112] 在馆    
2 0383756   203837562   第三借阅区/ [索取号:R161.1/112] 在馆    
3 0383757   203837571   教育系资料室/ [索取号:R161.1/112] 在馆    
4 0383758   203837580   教育系资料室/ [索取号:R161.1/112] 在馆    
5 0383759   203837599   第三借阅区/ [索取号:R161.1/112] 在馆    
唐山师范学院图书馆 欢迎您!
大连网信软件有限公司© 版权所有